| 000 | 00644nam a2200205Ia 4500 | ||
|---|---|---|---|
| 003 | IN-BaIIA | ||
| 008 | 211028s9999 xx 000 0 eng d | ||
| 020 | _a978-3-319-10992-3 | ||
| 040 | _cIIA Library | ||
| 080 |
_a524.3-52(082.1) _bAST |
||
| 100 |
_aMiglio, Andrea _936583 |
||
| 245 | 0 |
_aAsteroseismology of stellar populations in the milky way _cAndrea Miglio |
|
| 260 |
_aCham _bSpringer _c2015 |
||
| 300 | _axiii, 185p. | ||
| 650 |
_aAstroseismology _936584 |
||
| 650 |
_aDeep space - milky way _94749 |
||
| 650 |
_aMilky way _96712 |
||
| 650 |
_aStellar oscillations _911440 |
||
| 942 | _cBK | ||
| 999 |
_c19162 _d19162 |
||